[Event "Orsha op"]
[Site "Orsha"]
[Date "2019.01.23"]
[Round "8"]
[White "Slesareva, Miraslava"]
[Black "Poghosyan, Sarmen"]
[Result "1/2-1/2"]
[WhiteElo "1626"]
[BlackElo "1361"]
[PlyCount "60"]
[EventDate "2019.01.18"]
[EventType "swiss"]
[EventRounds "9"]
[EventCountry "BLR"]
[SourceTitle "CBM 188 Extra"]
[Source "ChessBase"]
[SourceDate "2019.02.26"]
[SourceVersion "1"]
[SourceVersionDate "2019.02.26"]
[SourceQuality "1"]

1. d4 d5 2. Bf4 Nf6 3. e3 e6 4. Nf3 c5 5. c3 Nc6 6. Nbd2 Bd6 7. Bg3 0-0 8. Be2 b6 9. Ne5 Bb7 10. f4 Bxe5 11. fxe5 Nd7 12. 0-0 f6 13. exf6 Nxf6 14. Bh4 Qd7 15. Bxf6 gxf6 16. Bd3 f5 17. Bb5 Qe7 18. Bxc6 Bxc6 19. Nf3 Be8 20. Ne5 Qg5 21. Qf3 Bh5 22. Qf4 Qxf4 23. Rxf4 c4 24. Raf1 Bg6 25. R4f3 Kg7 26. Rg3 Rg8 27. Rf4 Raf8 28. Rh4 Rh8 29. Rh5 Rfg8 30. Rhg5 Kf6 1/2-1/2

[Event "Orsha op"]
[Site "Orsha"]
[Date "2019.01.18"]
[Round "1"]
[White "Poghosyan, Sarmen"]
[Black "Stashis, Anna"]
[Result "1/2-1/2"]
[WhiteElo "1361"]
[BlackElo "1931"]
[PlyCount "68"]
[EventDate "2019.01.18"]
[EventType "swiss"]
[EventRounds "9"]
[EventCountry "BLR"]
[SourceTitle "CBM 188 Extra"]
[Source "ChessBase"]
[SourceDate "2019.02.26"]
[SourceVersion "1"]
[SourceVersionDate "2019.02.26"]
[SourceQuality "1"]

1. e4 c5 2. Ne2 d6 3. g3 g6 4. Bg2 Bg7 5. 0-0 e6 6. c3 Ne7 7. d4 cxd4 8. cxd4 0-0 9. Nbc3 Nbc6 10. Be3 d5 11. exd5 Nxd5 12. Nxd5 exd5 13. Nf4 Be6 14. Qb3 Nxd4 15. Bxd4 Bxd4 16. Bxd5 Bxd5 17. Nxd5 Qd6 18. Rad1 Qc5 19. Rc1 Qa5 20. Rfd1 Bg7 21. Ne7+ Kh8 22. Rd5 Qa6 23. Rd7 Qe2 24. Rxb7 Rad8 25. Rf1 Rd2 26. Qe3 Qxe3 27. fxe3 Bh6 28. e4 Be3+ 29. Kh1 Bc5 30. Nd5 f5 31. Ne7 Bxe7 32. Rxe7 Rxb2 33. Rxa7 Rc8 34. exf5 Rcc2 1/2-1/2